Detalles MARC
| 000 -CABECERA |
| fixed length control field |
01235Cam#a2200325#a#4500 |
| 003 - CONTROL NUMBER IDENTIFIER |
| control field |
AR-BeUNQ |
| 005 - FECHA Y HORA DE LA ULTIMA TRANSACCION |
| control field |
20220225124531.0 |
| 008 - ELEMENTOS DE LONGITUD FIJA-INFORMACION GENERAL |
| fixed length control field |
100513s2009||||mx a f#f #001|0#spa#d |
| 020 ## - NUMERO INTERNACIONAL NORMALIZADO PARA LIBROS |
| Número Internacional Normalizado del libro |
9786074420210 |
| 040 ## - FUENTE DE CATALOGACION |
| Agencia de catalogación original |
AR-BeUNQ |
| Idioma de catalogación |
ESPAÑOL |
| Convenciones de la descripción |
aacr |
| 082 04 - NUMERO DE CLASIFICACION DECIMAL DEWEYMBER |
| Número de clasificación |
540 |
| Número de la edición |
21 |
| 245 00 - MENCION DE TITULO |
| Título |
Química : |
| Otra información sobre el título |
la ciencia central |
| Mención de responsabilidad, etc |
Theodore L. Brown ... [et al.] ; con la colaboración de Patrick Woodward ; traducción Laura Fernández Enríquez ; revisión técnica María Aurora Lanto Arriola. |
| 250 ## - MENCION DE EDICION |
| Mención de edición |
11a. ed. |
| 260 ## - PUBLICACION, DISTRIBUCION, ETC. |
| Lugar de publicación, distribución, etc. |
México : |
| Nombre del editor, distribuidor, etc. |
Pearson Educación, |
| Fecha de publicación, distribución, etc |
2009. |
| 300 ## - DESCRIPCION FISICA |
| Extensión |
xli, 1196 p. en varias paginaciones : |
| Otros detalles físicos |
il. ; |
| Dimensiones |
28 cm. |
| 500 ## - NOTA GENERAL |
| Nota general |
Incluye apéndices, glosario e índice. |
| 500 ## - NOTA GENERAL |
| Nota general |
Traducción de: Chemistry : the central science. 11th ed., c2009. |
| 650 #7 - ASIENTO SECUNDARIO DE MATERIA - TERMINO TEMATICO |
| Término temático o nombre geográfico como elemento de entrada |
Química |
| Fuente del encabezamiento o términ |
spines |
| 650 #7 - ASIENTO SECUNDARIO DE MATERIA - TERMINO TEMATICO |
| Término temático o nombre geográfico como elemento de entrada |
Materia (Física) |
| Fuente del encabezamiento o términ |
spines |
| 650 #7 - ASIENTO SECUNDARIO DE MATERIA - TERMINO TEMATICO |
| Término temático o nombre geográfico como elemento de entrada |
Atomos |
| Fuente del encabezamiento o términ |
spines |
| 650 #7 - ASIENTO SECUNDARIO DE MATERIA - TERMINO TEMATICO |
| Término temático o nombre geográfico como elemento de entrada |
Moléculas |
| Fuente del encabezamiento o términ |
spines |
| 650 #7 - ASIENTO SECUNDARIO DE MATERIA - TERMINO TEMATICO |
| Término temático o nombre geográfico como elemento de entrada |
Reacciones físicas |
| Fuente del encabezamiento o términ |
spines |
| 700 1# - ASIENTO SECUNDARIO - NOMBRE DE PERSONA |
| Personal name |
Brown, Theodore L |
| Relator term |
aut |
| Relationship |
aut |
| 700 1# - ASIENTO SECUNDARIO - NOMBRE DE PERSONA |
| Personal name |
LeMay, H Eugene |
| Relator term |
aut |
| Relationship |
aut |
| 700 1# - ASIENTO SECUNDARIO - NOMBRE DE PERSONA |
| Personal name |
Bursten, Bruce |
| Relator term |
aut |
| Relationship |
aut |
| 700 1# - ASIENTO SECUNDARIO - NOMBRE DE PERSONA |
| Personal name |
Murphy, Catherine |
| Relator term |
aut |
| Relationship |
aut |
| 700 1# - ASIENTO SECUNDARIO - NOMBRE DE PERSONA |
| Personal name |
Fernández Enríquez, Laura |
| Relator term |
tr |
| Relationship |
trl |
| 700 1# - ASIENTO SECUNDARIO - NOMBRE DE PERSONA |
| Personal name |
Lanto Arriola, María Aurora |
| Relator term |
rev |
| Relationship |
rev |
| 942 ## - ELEMENTOS DE PUNTO DE ACCESO ADICIONAL (KOHA) |
| Tipo de ítem Koha |
Libros |
| Suppress in OPAC |
0 |